000 01677nam a22003257a 4500
005 20080918163843.0
008 080918t xxu||||| |||| 00| 0 mar d
010 _aMAR-20841
020 _c150.00
035 _aMR-13499
037 _bDBAD / PUB
040 _aDPL
_bMAR
082 _a891.4609
100 _9747
245 _aस्त्रीवाद- एक दृष्टिक्षेप /
_cअरूणा सबाने द्वारा संपादित
246 _aStreewad Ek Drishtikshep
_bEd by Aruna Sabane
260 _aनागपुर
_bआंकाक्षा प्रकाशन
_c2008
270 _a265, मिलेनियम बिल्डिंग, वेस्ट हायकोर्ट रोड, बजाजनगर
_bनागपुर
_e10
_k(0712) 22423580
300 _a154पृ.
_c22सेमी (अजिल्द)
500 _aसमान ISBN 8190371681 शीर्षक मुन्नी
650 _9697
650 _9698
700 _927881
_aसबाने, अरूणा
700 _927882
700 _927883
942 _2ddc
_cHN
_mस्त्रीवाद
_h891.4609
999 _c52454
_d52454